TV: It Could Happen! Quiz Stats

 Plays Quiz Updated Mar 28, 2012

Also try: Role Replacement
Challenge
Share
Tweet
Embed
Score 0/28 Timer 07:00
0 Plays Today
Hypothetical Plot TV Show % Correct
Oscar actually leaves his trash can.Sesame Street
92%
Joey and newly-single Rachel give their romance another shot, to Ross' dismay.Friends
85.8%
Ray moves to Yemen, far from Debra and Marie, opting for a far less stressful life.Everybody Loves Raymond
84.5%
Elaine escapes from prison, leaving her three male friends behind.Seinfeld
83.4%
Little Ricky grows up to be a Broadway performer, to the delight of the Ricardos.I Love Lucy
83.2%
Michael retires, and Andy and Dwight duel for the open regional manager position.The Office
82.2%
Probst announces that this season's castaways will consist entirely of orangutans.Survivor
79.9%
Conan replaces Jay... yet again...The Tonight Show
77.5%
Tyra inexplicably loses her 'fierceness,' disappointing her fashionista wannabes.America's Next Top Model
74.8%
Yet another young, guitar-wielding male becomes America's next big(?) musical superstar.American Idol
73.2%
Tommy and Dil grow up to be bounty hunters and arrest Angelica for trying to turn dalmatians into a fur coat.Rugrats
67.9%
Jack, Janet, and Chrissy finally have a threesome.Three's Company
66.4%
After a makeover, as well as intense diet and exercise, the title character is now known as Sexy Elisabeta.Ugly Betty
59.2%
Steve mistakes his dog's potty surprise for a clue...Blue's Clues
58.6%
Hypothetical Plot TV Show % Correct
The East Dillon High football team is dismantled, and Eric comes up with the idea of the XFL to provide jobs for his former players.Friday Night Lights
58.2%
Julie Chen becomes a HouseGuest, but loses the first HoH and PoV competitions and is evicted.Big Brother
56.8%
Diane returns again, no fake gay husband in tow this time, and proposes to Sam, who says no (again) because he believes they're not meant to be.Cheers
51.3%
Puck shockingly comes out of the closet and dates Kurt, singing 'I'll Stand By You' with Mercedes taking the glory notes.Glee
51.2%
Jack is killed, allowing his heavenly reunion with Terri, who didn't make it through Day One.24
50.4%
Helga marries Football Head.Hey Arnold
47%
When Manny heads off to college, Jay and Gloria move in with Cam and Mitch. Chaos ensues.Modern Family
34.8%
Dean and Sam give up demon-chasing when they realize they themselves are demons.Supernatural
34.7%
Sweet Dee joins a convent to get closer with an attractive cardinal, while the guys lose the bar on a Vegas gambling trip.It's Always Sunny in Philadelphia
30%
When Nicki is killed, Bill creepily takes on Rhonda as yet another wife.Big Love
27.1%
Shawn stops chasing Juliet and goes after partner Gus.Psych
26%
Jason does another sexy Internet dance for Lafayette and lands a gig in a porno.True Blood
25.3%
Elena does a 180 and falls for Damon over Stefan.The Vampire Diaries
18.1%
Holly marries Vince, Gary marries Tina, and Val stays married to Vic.What I Like About You
14.2%

You're not logged in!

Compare scores with friends on all Sporcle quizzes.
Join for Free
OR
Log In

You Might Also Like...

Show Comments

Extras

Top Quizzes Today


Score Distribution

Your Account Isn't Verified!

In order to create a playlist on Sporcle, you need to verify the email address you used during registration. Go to your Sporcle Settings to finish the process.

Report this User

Report this user for behavior that violates our Community Guidelines.

Details: